Докладная записка наркома внутренних дел СССР Л. П. Берии И. В. Сталину о поездке на Северо-Западный фронт президента "Союза нем...

RUSMARC
00005049cbm0a2200301#x 450
0012330bfa2-aac8-47d9-9810-6f78ff35d59e
00520240111095716.0
100##$a20240110j19431104k###0rusy50 ca
1010#$arus
102##$aRU
1220#$ad19431104##
2001#$aДокладная записка наркома внутренних дел СССР Л. П. Берии И. В. Сталину о поездке на Северо-Западный фронт президента "Союза немецких офицеров" генерала В. фон Зейдлица и вице-президента "Союза" полковника ван Гоовена
$j4 ноября 1943 г.
251##$cДокумент
300##$aПодлинник
461#0$12001
$aФ. 3
$1251
$cФонд
$1852
$j3
462#0$12001
$aОп. 58
$1251
$cОпись
$1852
$j58
462#0$12001
$aД. 498
$vЛ. 1-2
$1251
$cДело
$1852
$j498
600#1$2prlib_sh
$3LIBNET\UAF\0000092090
$aБерия
$bЛ.П.
$gЛаврентий Павлович
$f1899-1953
$xАвтографы
$jДокументы и материалы
600#1$2prlib_sh
$3LIBNET\UAF\0000061238
$aЗейдлиц-Курцбах
$bВ. фон
$gВальтер фон
$f1888 - 1976
$jДокументы и материалы
600#1$2prlib_sh
$3LIBNET\UAF\0000110297
$aОфен
$bК. фон
$gКарл фон
$f1888 — 1974
$jДокументы и материалы
60112$2prlib_sh
$3LIBNET\UAF\0000110296
$aСеверо-Западный фронт
$c1941, июнь - 1943, ноябрь
605##$2prlib_sh
$3LIBNET\UAF\0000088514
$aВторая мировая война в архивных документах (Комплекс оцифрованных архивных документов, кино- и фотоматериалов)
$lколлекция
686##$a63.3(2)622,12ю1
$vLBC/M
$2rubbk
801#0$aRU
$bПБ им. Б.Н. Ельцина
$c20240110
801#1$aRU
$bПБ им. Б.Н. Ельцина
$c20240110
$2rusmarc
801#2$aRU
$bПБ им. Б.Н. Ельцина
$c20240111
$2rusmarc
850##$aРоссийский государственный архив новейшей истории
852##$aРГАНИ
$jЛ. 1-2
035##$aLIBNET\0001372789
937##$d190306774
$hФедеральное архивное агентство
8564#$uhttp://readingroom.main.prlib.ru/item.aspx?id_node=n190306774&mode=full
Формат отображения